| 000 | 00628nam a2200181Ia 4500 | ||
|---|---|---|---|
| 005 | 20260429112240.0 | ||
| 008 | 260429s9999||||xx |||||||||||||| ||und|| | ||
| 020 | _a9788180310355 | ||
| 041 | _aHindi | ||
| 082 |
_a491.433 _bBAH |
||
| 100 | _aबाहरी, हरदेव | ||
| 245 | 0 |
_aलोकभारती राजभाषा शब्दकोष : _b Hindi- English / _cहरदेव बाहरी |
|
| 250 | _a9th ed. | ||
| 260 |
_aप्रयागराज : _bलोकभारती प्रकाशन, _c2022. |
||
| 300 | _aiv, 457 p.; Hb | ||
| 650 | _aHindi English Dictionary | ||
| 942 | _cTB | ||
| 999 |
_c53113 _d53113 |
||